[Event "Stay Safe Play From Home 200"]
[Site "T#646566Emanuel Laske"]
[Date "2020.06.04"]
[Round "8"]
[White "Edmatuag"]
[Black "Greblah"]
[Result "0-1"]
[WhiteElo "1601"]
[BlackElo "1898"]
[Annotator "NA RC"]
[PlyCount "66"]
[EventDate "2020.06.04"]
[EventType "swiss (blitz)"]

1. e4 {[%emt 0:00:02]} c6 {[%emt 0:00:00]} 2. d4 {[%emt 0:00:05]} d5 {[%emt 0:00:00]} 3. e5 {[%emt 0:00:01]} Bf5 {[%emt 0:00:01]} 4. g4 {[%emt 0:00:00]} Be4 {[%emt 0:00:01]} 5. f3 {[%emt 0:00:01]} Bg6 {[%emt 0:00:01]} 6. h4 {[%emt 0:00:04]} h6 {[%emt 0:00:01]} 7. e6 {[%emt 0:00:02]} Qd6 {[%emt 0:00:02]} 8. exf7+ {[%emt 0:00:03]} Bxf7 {[%emt 0:00:01]} 9. Ne2 {[%emt 0:00:04]} e5 {[%emt 0:00:01]} 10. dxe5 {[%emt 0:00:02]} Qxe5 {[%emt 0:00:01]} 11. Nbc3 {[%emt 0:00:02]} Bb4 {[%emt 0:00:02]} 12. Bf4 {[%emt 0:00:03]} Bxc3+ {[%emt 0:00:02]} 13. bxc3 {[%emt 0:00:00]} Qe7 {[%emt 0:00:02]} 14. Qd2 {[%emt 0:00:03]} Nf6 {[%emt 0:00:02]} 15. O-O-O {[%emt 0:00:02]} Nbd7 {[%emt 0:00:01]} 16. Re1 {[%emt 0:00:01]} O-O-O {[%emt 0:00:03]} 17. Qd4 {[%emt 0:00:02]} Qa3+ {[%emt 0:00:01]} 18. Kb1 {[%emt 0:00:01]} Qc5 {[%emt 0:00:04]} 19. Qd3 {[%emt 0:00:03]} Rhe8 {[%emt 0:00:05]} 20. Bg2 {[%emt 0:00:02]} Nb6 {[%emt 0:00:03]} 21. Nd4 {[%emt 0:00:01]} Nc4 {[%emt 0:00:01]} 22. Nb3 {[%emt 0:00:02]} Qa3 {[%emt 0:00:02]} 23. Bc1 {[%emt 0:00:03]} Qa6 {[%emt 0:00:03]} 24. Nc5 {[%emt 0:00:01]} Qb6+ {[%emt 0:00:04]} 25. Nb3 {[%emt 0:00:01]} Rxe1 {[%emt 0:00:02]} 26. Rxe1 {[%emt 0:00:02]} Nd7 {[%emt 0:00:01]} 27. Qd4 {[%emt 0:00:00]} Nc5 {[%emt 0:00:01]} 28. Qxc5 {[%emt 0:00:01]} Qxc5 {[%emt 0:00:01]} 29. Nxc5 {[%emt 0:00:00]} Re8 {[%emt 0:00:01]} 30. Rxe8+ {[%emt 0:00:01]} Bxe8 {[%emt 0:00:01]} 31. f4 {[%emt 0:00:00]} b6 {[%emt 0:00:00]} 32. f5 {[%emt 0:00:01]} bxc5 {[%emt 0:00:01]} 33. g5 {[%emt 0:00:02]} Nd6 {[%emt 0:00:00] Time (Lag: Av=0.35s, max=0.6s)} 0-1

[Event "Stay Safe Play From Home 200"]
[Site "T#646566Emanuel Laske"]
[Date "2020.06.04"]
[Round "8"]
[White "Tobo Rubirosa"]
[Black "Gibiz144"]
[Result "1-0"]
[WhiteElo "1435"]
[BlackElo "1573"]
[Annotator "NA RC"]
[PlyCount "65"]
[EventDate "2020.06.04"]
[EventType "swiss (blitz)"]

1. Nf3 {[%emt 0:00:03]} e6 {[%emt 0:00:01]} 2. d4 {[%emt 0:00:01]} b6 {[%emt 0:00:01]} 3. g3 {[%emt 0:00:01]} Bb7 {[%emt 0:00:00]} 4. Bg2 {[%emt 0:00:01]} Ne7 {[%emt 0:00:01]} 5. O-O {[%emt 0:00:01]} d6 {[%emt 0:00:01]} 6. c4 {[%emt 0:00:01]} g6 {[%emt 0:00:01]} 7. Nc3 {[%emt 0:00:00]} Bg7 {[%emt 0:00:01]} 8. Bg5 {[%emt 0:00:01]} Nd7 {[%emt 0:00:01]} 9. Qd2 {[%emt 0:00:01]} h6 {[%emt 0:00:01]} 10. Be3 {[%emt 0:00:02]} a6 {[%emt 0:00:02]} 11. Rfd1 {[%emt 0:00:02]} Nc6 {[%emt 0:00:03]} 12. Rac1 {[%emt 0:00:01]} Rb8 {[%emt 0:00:03]} 13. d5 {[%emt 0:00:01]} Nce5 {[%emt 0:00:02]} 14. Nxe5 {[%emt 0:00:02]} Nxe5 {[%emt 0:00:01]} 15. dxe6 {[%emt 0:00:02]} fxe6 {[%emt 0:00:02]} 16. b3 {[%emt 0:00:01]} Qf6 {[%emt 0:00:03]} 17. Bxb7 {[%emt 0:00:02]} Rxb7 {[%emt 0:00:02]} 18. Bd4 {[%emt 0:00:02]} Qf7 {[%emt 0:00:04]} 19. Bxe5 {[%emt 0:00:01]} Bxe5 {[%emt 0:00:02]} 20. Qd3 {[%emt 0:00:03]} O-O {[%emt 0:00:02]} 21. Qe4 {[%emt 0:00:07]} Qxf2+ {[%emt 0:00:03]} 22. Kh1 {[%emt 0:00:02]} Qf5 {[%emt 0:00:04]} 23. Qxb7 {[%emt 0:00:03]} d5 {[%emt 0:00:04]} 24. cxd5 {[%emt 0:00:04]} exd5 {[%emt 0:00:02]} 25. Qxd5+ {[%emt 0:00:02]} Kh7 {[%emt 0:00:04]} 26. Rf1 {[%emt 0:00:01]} Qxf1+ {[%emt 0:00:02]} 27. Rxf1 {[%emt 0:00:02]} Rxf1+ {[%emt 0:00:01]} 28. Kg2 {[%emt 0:00:01]} Re1 {[%emt 0:00:02]} 29. Qxe5 {[%emt 0:00:02]} Ra1 {[%emt 0:00:03]} 30. Qe7+ {[%emt 0:00:01]} Kg8 {[%emt 0:00:01]} 31. Nd5 {[%emt 0:00:00]} Rxa2 {[%emt 0:00:02]} 32. Nf6+ {[%emt 0:00:01]} Kh8 {[%emt 0:00:02]} 33. Qh7# {[%emt 0:00:00] (Lag: Av=0.57s, max=1.4s)} 1-0

[Event "Stay Safe Play From Home 200"]
[Site "T#646566Emanuel Laske"]
[Date "2020.06.04"]
[Round "8"]
[White "Cubail"]
[Black "Mamba2001de"]
[Result "1-0"]
[WhiteElo "1322"]
[BlackElo "1435"]
[Annotator "NA RC"]
[PlyCount "69"]
[EventDate "2020.06.04"]
[EventType "swiss (blitz)"]

1. f4 {[%emt 0:00:01]} e6 {[%emt 0:00:01]} 2. e4 {[%emt 0:00:01]} d5 {[%emt 0:00:01]} 3. e5 {[%emt 0:00:01]} c5 {[%emt 0:00:01]} 4. Nf3 {[%emt 0:00:01]} Nc6 {[%emt 0:00:01]} 5. c3 {[%emt 0:00:01]} Bd7 {[%emt 0:00:01]} 6. d4 {[%emt 0:00:01]} cxd4 {[%emt 0:00:01]} 7. cxd4 {[%emt 0:00:02]} Qb6 {[%emt 0:00:00]} 8. Nc3 {[%emt 0:00:02]} Bb4 {[%emt 0:00:01]} 9. Qb3 {[%emt 0:00:02]} Bxc3+ {[%emt 0:00:02]} 10. bxc3 {[%emt 0:00:01]} Qxb3 {[%emt 0:00:01]} 11. axb3 {[%emt 0:00:01]} a6 {[%emt 0:00:03]} 12. Ba3 {[%emt 0:00:01]} Nge7 {[%emt 0:00:02]} 13. Ng5 {[%emt 0:00:03]} O-O {[%emt 0:00:02]} 14. Bd3 {[%emt 0:00:01]} h6 {[%emt 0:00:01]} 15. Nh7 {[%emt 0:00:04]} Rfe8 {[%emt 0:00:02]} 16. g4 {[%emt 0:00:01]} Ng6 {[%emt 0:00:09]} 17. f5 {[%emt 0:00:04]} Kxh7 {[%emt 0:00:03]} 18. fxg6+ {[%emt 0:00:02]} fxg6 {[%emt 0:00:01]} 19. h4 {[%emt 0:00:04]} Rec8 {[%emt 0:00:05]} 20. h5 {[%emt 0:00:03]} Be8 {[%emt 0:00:01]} 21. Kd2 {[%emt 0:00:02]} Ne7 {[%emt 0:00:04]} 22. Bxe7 {[%emt 0:00:02]} Rc7 {[%emt 0:00:02]} 23. Bd6 {[%emt 0:00:01]} Rd7 {[%emt 0:00:01]} 24. Raf1 {[%emt 0:00:02]} b5 {[%emt 0:00:01]} 25. hxg6+ {[%emt 0:00:02]} Bxg6 {[%emt 0:00:02]} 26. g5 {[%emt 0:00:01]} Bxd3 {[%emt 0:00:02]} 27. Kxd3 {[%emt 0:00:01]} Rxd6 {[%emt 0:00:01]} 28. exd6 {[%emt 0:00:02]} Kg6 {[%emt 0:00:01]} 29. gxh6 {[%emt 0:00:02]} gxh6 {[%emt 0:00:01]} 30. Rhg1+ {[%emt 0:00:02]} Kh7 {[%emt 0:00:02]} 31. Rf7+ {[%emt 0:00:01]} Kh8 {[%emt 0:00:02]} 32. Rgg7 {[%emt 0:00:01]} a5 {[%emt 0:00:02]} 33. d7 {[%emt 0:00:01]} a4 {[%emt 0:00:02]} 34. Rh7+ {[%emt 0:00:01]} Kg8 {[%emt 0:00:01]} 35. bxa4 {[%emt 0:00:01] Zeit (Lag: Av=0.37s, max=0.6s)} 1-0

[Event "Stay Safe Play From Home 200"]
[Site "T#646566Emanuel Laske"]
[Date "2020.06.04"]
[Round "9"]
[White "Mepe_Nika"]
[Black "Lamborghini"]
[Result "0-1"]
[WhiteElo "2306"]
[BlackElo "2113"]
[Annotator "TA"]
[PlyCount "112"]
[EventDate "2020.06.04"]
[EventType "swiss (blitz)"]

{[%evp 9,111,-40,-45,-46,62,-47,-25,-35,-34,-39,-21,-29,-11,-47,0,-38,-39,-35,-11,-50,-52,-51,-37,-40,-25,-33,-35,-43,-20,-470,-470,-606,-590,-616,-608,-588,-272,-270,-272,-269,-277,-267,-270,-357,-298,-298,-298,-298,-298,-298,-298,-29991,-595,-582,-573,-548,-538,-621,-612,-531,-506,-500,-398,-606,-603,-574,-543,-813,-744,-734,0,-616,-611,-5720,-5710,-5297,-5093,-1912,-1830,-29984,-29985,-29985,-29982,-29986,-29986,-29996,-29997,-29997,-29994,-29994,-29993,-29993,-29994,-29997,-29996,-29996,-29996,-29997,-29997,-29997,-29997,-29998,-29999,-29999]} 1. d3 g6 2. Bd2 Bg7 3. Qc1 d5 4. g3 c5 5. Bg2 Nc6 6. Nc3 {[#] A00: Irregular Openings.} h5 $146 (6... Nf6 $15) ({Predecessor:} 6... Nf6 7. Bh6 Bxh6 8. Qxh6 Be6 9. Nh3 Qb6 10. Nd1 Nd4 11. Qd2 Rd8 12. c3 Nc6 {0-1 (36) Bach,M (2251)-Danielsen,H (2510) Helsingor 2013}) 7. h4 (7. Bxd5 $14 h4 8. gxh4) 7... e6 8. Nf3 {Black has an edge.} b6 9. O-O Bb7 10. e4 d4 11. Ne2 Qd7 12. c3 dxc3 13. Bxc3 Nf6 14. Qc2 O-O 15. d4 cxd4 16. Nexd4 Rac8 {White must now prevent ...Nxd4.} 17. Nxc6 Qxc6 18. Ne5 Qb5 {aiming for ...Qxe5!} 19. Rfe1 $2 {[%mdl 8192] [#] White is now going downhill.} (19. Qb3 $11 Qc5 20. Rac1) 19... Qxe5 $1 $19 {[%mdl 512]} 20. Bxe5 Rxc2 21. Bxf6 Bxf6 22. e5 Be7 (22... Bxg2 $142 23. exf6 Bd5) 23. Bxb7 Bc5 ({Don't play} 23... Rxb2 24. Ba6 $17) 24. Rf1 Rxb2 25. a4 Rd8 26. a5 bxa5 27. Rxa5 Bb6 ({Less strong is} 27... Rxb7 28. Rxc5 Rd2 29. Ra1 $17) 28. Ra3 Rdd2 29. Rf3 {[#]} Bxf2+ $1 {[%mdl 512]} 30. Kh1 $2 (30. R3xf2 $19 Rxf2 31. Rxf2 Rxb7 32. Ra2) (30. R1xf2 Rxf2) 30... Rxb7 (30... Bc5 $142 31. R3f2 Bxf2 32. Kg2 Bc5+ 33. Kf3 Rxb7 34. Re1 Rb3+ 35. Kf4 Rb4+ 36. Re4 Rf2+ 37. Kg5 Rxe4 38. Kh6 Be3#) 31. R3xf2 Rxf2 32. Rxf2 {[%mdl 4096] Endgame KR-KR} Rb5 33. Ra2 a5 34. Kg2 Kg7 35. Kf3 Rb3+ 36. Kf4 (36. Kf2 $142 Rb5 37. Re2) 36... Rb4+ 37. Kf3 a4 38. Rc2 Rb3+ 39. Kf4 Rb4+ 40. Kf3 a3 41. Rc7 Ra4 42. Rc1 a2 43. Ra1 f5 44. g4 fxg4+ {Black mates.} 45. Kg3 {[#]} g5 $1 46. hxg5 Kg6 47. Kh4 Ra3 {[%csl Gg4][%cal Ra3h3]} 48. Rh1 {[#]} Rh3+ $1 {[%mdl 64] Promotion} 49. Rxh3 gxh3 50. Kxh3 a1=Q 51. Kh4 Qxe5 {[%cal Re5h2]} 52. Kh3 Qxg5 53. Kh2 Kf5 54. Kh1 Kf4 55. Kh2 Kf3 {[%csl Gf3][%cal Rg5g2]} 56. Kh1 Qg2# {Accuracy: White = 45%, Black = 74%.} 0-1

[Event "Stay Safe Play From Home 200"]
[Site "T#646566Emanuel Laske"]
[Date "2020.06.04"]
[Round "9"]
[White "Weltszmerc"]
[Black "SoulofWolf"]
[Result "1/2-1/2"]
[WhiteElo "2114"]
[BlackElo "2200"]
[Annotator "TA"]
[PlyCount "146"]
[EventDate "2020.06.04"]
[EventType "swiss (blitz)"]

{[%evp 12,146,20,0,18,4,24,0,20,18,27,34,42,15,45,48,52,53,58,58,86,48,62,59,57,22,26,19,30,25,21,8,43,51,54,2,46,57,57,47,606,215,210,195,181,0,0,0,0,-1163,-1087,-1180,-1162,-1095,-1110,-1024,-927,-1672,8549,7853,6203,6015,29966,5762,29975,29974,29976,29977,29976,29977,29977,29978,29978,29979,29979,29980,29980,29981,29981,29982,29982,29983,29984,29985,29986,29981,29981,29982,29984,29985,29991,29984,29984,29985,29987,29987,29988,29987,29987,29988,29988,29989,29990,29991,29991,29992,29996,29994,29994,29992,29992,29991,29992,29993,29994,29995,29995,29993,29993,29993,29994,29994,29994,29994,29994,29994,29994,29994,29994,29994,29994,29994,29995,29996,29996,29996,29996]} 1. d4 e6 2. c4 d5 3. Nf3 Be7 4. g3 Nf6 5. Bg2 O-O 6. O-O Nbd7 7. Nbd2 h6 {E07: Closed Catalan: Main Line (5 Nf3 0-0 6 0-0 Nbd7).} 8. Qc2 b6 9. e4 dxe4 {The position is equal.} 10. Nxe4 {[#]} Nxe4 $146 ({Predecessor:} 10... Bb7 11. Nc3 c5 12. d5 exd5 13. Nh4 Ne4 14. Nxd5 Bxd5 15. cxd5 Nd6 16. Nf5 Nxf5 17. Qxf5 {½-½ (41) Mikhailov,V (2307)-Karelov,P (1817) Kemerovo 2013}) 11. Qxe4 Rb8 12. Ne5 Bb7 13. Nc6 Bxc6 14. Qxc6 Nf6 15. Rd1 Bd6 16. c5 Be7 17. Bf4 Rc8 18. b4 Nd5 19. Bxd5 Qxd5 20. Qxd5 exd5 21. Rac1 c6 22. Re1 $36 {[%mdl 2048] White has the initiative.} Rfe8 23. Bd6 (23. Re3 $14) 23... Kf8 24. Rxe7 Rxe7 $14 {[%mdl 4096] Endgame KRR-KRB} 25. Re1 {[%mdl 64] Pin} Rce8 $2 {[%mdl 8192]} (25... Rcc7 $14) 26. b5 $2 (26. cxb6 axb6 27. a4) 26... f6 $18 27. bxc6 ({Not} 27. Rxe7 Rxe7 28. a4 (28. bxc6 Kf7 $11) 28... Kf7 $11) 27... Kf7 28. Rxe7+ $2 (28. Bxe7 $18 Rxe7 29. Rb1) 28... Rxe7 $11 29. Bxe7 Kxe7 30. cxb6 $2 {[%mdl 8192]} (30. Kf1 $11) 30... axb6 $18 {KP-KP} 31. Kf1 Kd6 32. Ke2 Kxc6 33. Kd3 g5 34. g4 Kd6 $4 {[%mdl 8192]} (34... Kb5 $19 35. Kc3 Ka4) 35. a4 Ke6 36. Kc3 f5 37. f3 fxg4 38. fxg4 {White mates.} Kd6 39. Kb4 Kc6 40. h3 Kb7 41. Kb5 Kc7 {[#]} 42. a5 $1 bxa5 43. Kxa5 {K3P-K3P} Kc6 44. Ka6 Kc7 45. Kb5 Kd6 {[#]} 46. Kb6 $1 {[%cal Rb6b5]} Ke6 47. Kc5 h5 48. Kc6 hxg4 49. hxg4 Kf6 50. Kxd5 {KPP-KP} Kg6 51. Ke4 Kf6 52. d5 Kg6 53. Ke5 Kf7 54. Kf5 Kg7 55. Kxg5 {KP-KP} Kf7 56. Kf5 Kg7 57. g5 Kf7 58. d6 Kg7 59. g6 Kf8 60. d7 Ke7 {[#]} 61. d8=Q+ $1 Kxd8 {KP-K} 62. g7 Ke7 63. g8=Q Kd6 64. Qg6+ Kd5 65. Qe6+ Kc5 66. Qe5+ Kc4 67. Qe4+ Kb5 68. Kf4 Kc5 69. Qd3 Kc6 70. Ke4 Kc5 71. Qc3+ Kb6 72. Ke5 Kb5 73. Kd5 Kb6 {[%mdl 32768] Accuracy: White = 74%, Black = 67%. . An unexpected result.} 1/2-1/2

[Event "Stay Safe Play From Home 200"]
[Site "T#646566Emanuel Laske"]
[Date "2020.06.04"]
[Round "9"]
[White "Fischer_11"]
[Black "SecantFX"]
[Result "1-0"]
[WhiteElo "2028"]
[BlackElo "1846"]
[Annotator "NA RC"]
[PlyCount "55"]
[EventDate "2020.06.04"]
[EventType "swiss (blitz)"]

1. e4 {[%emt 0:00:01]} b6 {[%emt 0:00:00]} 2. d4 {[%emt 0:00:01]} Bb7 {[%emt 0:00:01]} 3. Nc3 {[%emt 0:00:00]} g6 {[%emt 0:00:01]} 4. Bd3 {[%emt 0:00:00]} Bg7 {[%emt 0:00:01]} 5. Qe2 {[%emt 0:00:00]} e6 {[%emt 0:00:00]} 6. Nf3 {[%emt 0:00:00]} Ne7 {[%emt 0:00:00]} 7. O-O {[%emt 0:00:01]} O-O {[%emt 0:00:00]} 8. d5 {[%emt 0:00:00]} f5 {[%emt 0:00:00]} 9. dxe6 {[%emt 0:00:01]} dxe6 {[%emt 0:00:01]} 10. exf5 {[%emt 0:00:00]} exf5 {[%emt 0:00:00]} 11. Re1 {[%emt 0:00:01]} Rf7 {[%emt 0:00:02]} 12. Ng5 {[%emt 0:00:02]} h6 {[%emt 0:00:04]} 13. Nxf7 {[%emt 0:00:01]} Kxf7 {[%emt 0:00:00]} 14. Qe6+ {[%emt 0:00:01]} Kf8 {[%emt 0:00:01]} 15. Bf4 {[%emt 0:00:04]} Nbc6 {[%emt 0:00:02]} 16. Rad1 {[%emt 0:00:05]} Qe8 {[%emt 0:00:01]} 17. Bxc7 {[%emt 0:00:03]} Bc8 {[%emt 0:00:01]} 18. Qe2 {[%emt 0:00:05]} Qd7 {[%emt 0:00:01]} 19. Bf4 {[%emt 0:00:07]} Nd4 {[%emt 0:00:01]} 20. Qe3 {[%emt 0:00:03]} Qc6 {[%emt 0:00:01]} 21. Bb5 {[%emt 0:00:03]} Qb7 {[%emt 0:00:02]} 22. Rxd4 {[%emt 0:00:03]} Bxd4 {[%emt 0:00:01]} 23. Qxd4 {[%emt 0:00:00]} a6 {[%emt 0:00:02]} 24. Qh8+ {[%emt 0:00:01]} Kf7 {[%emt 0:00:01]} 25. Qh7+ {[%emt 0:00:01]} Kf8 {[%emt 0:00:01]} 26. Bd6 {[%emt 0:00:02]} axb5 {[%emt 0:00:08]} 27. Rxe7 {[%emt 0:00:01]} Be6 {[%emt 0:00:07]} 28. Qg7# {[%emt 0:00:02] (Lag: Av=0.27s, max=0.5s)} 1-0

[Event "Stay Safe Play From Home 200"]
[Site "T#646566Emanuel Laske"]
[Date "2020.06.04"]
[Round "9"]
[White "Lazieri3"]
[Black "Edmatuag"]
[Result "1-0"]
[WhiteElo "1929"]
[BlackElo "1596"]
[Annotator "TA"]
[PlyCount "27"]
[EventDate "2020.06.04"]
[EventType "swiss (blitz)"]

{[%evp 10,26,23,24,72,58,106,95,204,132,145,127,1120,860,1467,1427,29997,29998,29999]} 1. e4 d6 2. Nc3 g6 3. Nf3 Bg7 4. d4 Nf6 5. Be3 O-O 6. Qd2 e6 {B08: Pirc Defence: Classical System.} 7. Bh6 {[#]} Bd7 $146 ({Predecessor:} 7... Kh8 8. O-O-O Ng8 9. Bxg7+ Kxg7 10. g4 Nd7 11. h4 Ndf6 12. g5 Nh5 13. Bh3 Kh8 {1-0 (60) MacMillen,A (1468)-Armstrong,J (1484) ICCF email 2018}) 8. h4 Nc6 (8... Bxh6 $16 {was called for.} 9. Qxh6 Ng4) 9. h5 Bxh6 10. Qxh6 Nxh5 $2 {[%mdl 8192] This costs Black the game.} (10... Ng4 $16 11. Qd2 a6) 11. Ng5 {[%csl Gg5][%cal Rh6h7] [#]} Nf6 12. Nxh7 Re8 13. Ng5 {[%csl Gh1][%cal Rh6h8]} Ne7 14. Qh8# 1-0

[Event "Stay Safe Play From Home 200"]
[Site "T#646566Emanuel Laske"]
[Date "2020.06.04"]
[Round "9"]
[White "Greblah"]
[Black "Broken sword"]
[Result "0-1"]
[WhiteElo "1903"]
[BlackElo "2471"]
[Annotator "TA"]
[PlyCount "94"]
[EventDate "2020.06.04"]
[EventType "swiss (blitz)"]

{[%evp 9,93,12,17,-5,-3,2,-12,0,0,-9,0,-1,20,-39,31,8,83,42,76,45,40,-67,-31,-101,-106,-117,-85,-177,-154,-288,-175,-219,-189,-221,-145,-168,-70,-101,-93,-161,-154,-250,-95,-170,-135,-258,-225,-245,-245,-204,-211,-281,-293,-282,-180,-903,-918,-1526,-725,-1587,-1543,-1555,-1569,-1606,-1589,-2245,-1740,-1837,-1585,-29989,-29990,-29991,-29992,-29992,-29993,-29994,-29994,-29995,-29995,-29996,-29997,-29997,-29997,-29998,-29999,-29999]} 1. e4 c5 2. Nc3 e6 3. g3 a6 4. Bg2 b5 5. d3 Bb7 6. Be3 {B23: Closed Sicilian: Lines without g3.} d6 7. Nge2 Nf6 8. O-O {The position is equal.} Nbd7 9. h3 Qc7 10. f4 {[#]} Nb6 $146 ({Predecessor:} 10... Be7 11. Qd2 O-O 12. g4 b4 13. Nd1 d5 14. Ng3 dxe4 15. dxe4 Rad8 16. g5 Nb6 {½-½ (22) Stankovic,M (2408)-Bodrozic,T (2281) Novi Sad 2014}) 11. g4 ({Better is} 11. a4 $11) 11... Nfd7 ({Black should play} 11... d5 $15 12. exd5 exd5) 12. f5 e5 (12... exf5 $11 {keeps the balance.} 13. gxf5 (13. Rxf5 g6 $11) 13... b4) 13. Ng3 Be7 14. Qf3 h6 15. Nh1 (15. Nh5 $14 O-O 16. a4) 15... Nf6 (15... b4 $5 {[%cal Rb4c3]} 16. Ne2 O-O $15) 16. g5 (16. a3 $15) 16... hxg5 $17 17. Bxg5 O-O-O 18. h4 (18. Nf2 $17) 18... Kb8 19. Bh3 (19. Nf2 $17) 19... Rc8 20. Ng3 b4 21. Nce2 a5 22. c4 Na4 ({Black should try} 22... Rcg8 $19 23. a3 Nh7 24. Bxe7 Qxe7) 23. b3 Nb6 24. Rfc1 (24. Kf2 $17 {was called for.}) 24... Rcg8 25. Nf1 (25. Kf2 $17 {keeps fighting.}) 25... a4 $2 (25... Nh7 $19 {and Black stays clearly on top.} 26. Bxe7 Qxe7) 26. Ne3 (26. a3 $17 {might work better.}) 26... a3 27. Nd5 (27. Ng2 $17) 27... Nfxd5 28. cxd5 Bxg5 29. hxg5 Qd8 30. Qg3 Rh5 31. Kf2 Rgh8 ({Weaker is} 31... Qxg5 32. Qxg5 Rxg5 33. Rh1 $17) 32. Bg4 $2 (32. Rh1) 32... Rh2+ $19 33. Kf3 Ba6 (33... Qxg5 $142 34. Re1 {[#]} Nxd5 $1 {[%mdl 512]}) 34. Rh1 Rxh1 35. Rxh1 Rxh1 36. f6 gxf6 37. gxf6 Qg8 38. Qg2 Rh4 39. Ng1 Bxd3 {Black mates.} 40. Qg3 {[#]} Bxe4+ $1 {[%mdl 64] Double Attack} 41. Ke3 (41. Kxe4 Rxg4+) 41... Rxg4 42. Qf2 Nxd5+ 43. Kd2 {[#]} Rg2 $1 44. Ke1 Rxf2 45. Kxf2 Qg2+ 46. Ke1 Nc3 47. Nh3 Qe2# {Accuracy: White = 27%, Black = 45%.} 0-1

[Event "Stay Safe Play From Home 200"]
[Site "T#646566Emanuel Laske"]
[Date "2020.06.04"]
[Round "9"]
[White "KLIND"]
[Black "Haxhi Baha"]
[Result "0-1"]
[WhiteElo "1899"]
[BlackElo "2004"]
[Annotator "TA"]
[PlyCount "70"]
[EventDate "2020.06.04"]
[EventType "swiss (blitz)"]

{[%evp 9,70,-63,43,-11,-2,-17,28,23,42,28,45,38,329,319,319,232,226,220,383,397,388,338,414,347,633,116,116,116,116,-147,-141,-218,-226,-227,-222,-251,-243,-1747,-1693,-1888,-1788,-2267,-2077,-29967,-5247,-29992,-29990,-29991,-1000,-970,-970,-905,-931,-937,-913,-1027,-1008,-1412,-1387,-1265,-1251,-29990,-29992]} 1. d4 d5 2. e4 dxe4 3. c3 e6 4. f3 {[#]} f5 $146 ({Predecessor:} 4... exf3 5. Nxf3 Nc6 6. Bb5 Nf6 7. O-O Bd7 8. Bg5 Be7 9. Nbd2 O-O 10. Nc4 a6 11. Bxc6 Bxc6 {0-1 (36) Best,H (1474)-Laine,J (1797) LSS email 2012}) 5. fxe4 fxe4 (5... Qh4+ $15 6. Kd2 fxe4) 6. Qe2 {D00: 1 d4 d5: Unusual lines.} (6. Nh3 $14) 6... Nf6 7. Bg5 Be7 8. Bxf6 {White has an edge.} Bxf6 9. Qxe4 Nd7 10. Bd3 O-O $2 {[%mdl 8192]} (10... e5 $14) 11. Qxh7+ $18 Kf7 12. Nf3 Rh8 13. Qg6+ Ke7 $2 (13... Kg8 14. O-O c5) 14. O-O Nf8 15. Qe4 Rb8 16. Ne5 c6 $2 (16... Qe8 17. Nd2 Kd8) 17. Ng6+ $2 (17. Qf4 $18) 17... Nxg6 $16 18. Qxg6 {Threatens to win with Rxf6!} Qd6 19. Rxf6 $4 {[%mdl 8192]} (19. g3 $16 {Black must now prevent Rxf6!} Rh6 20. Qe4) 19... Qxh2+ $17 {Black continues to play with concentration.} 20. Kf1 (20. Kf2 $17 Qh4+ {[%mdl 64] Double Attack} 21. Ke2 Qxf6 22. Qg3) 20... gxf6 $19 21. Qg7+ Kd6 22. Qxf6 Bd7 23. Be4 $2 (23. Qe5+ Qxe5 24. dxe5+ Ke7 25. Kg1) 23... Rbf8 24. Qxf8+ Rxf8+ 25. Bf3 e5 26. dxe5+ Kxe5 {( -> ...Rxf3+!)} 27. Ke2 {[#]} Bg4 $1 28. Nd2 {[#]} (28. Bxg4 Qxg2+) 28... Bxf3+ (28... Rxf3 $142 $1 29. Re1 (29. Nxf3+ Ke4) 29... Qxg2+ 30. Kd1+ Re3+ 31. Kc2 Rxe1 32. b4 Bf5+ 33. Kb3 Qxd2 34. b5 Rb1+ 35. Ka3 cxb5 36. c4 Qe3#) 29. Nxf3+ {[#]} Rxf3 $1 30. Kxf3 {[%mdl 4096] Endgame KQ-KR} Qf4+ 31. Ke2 Qe4+ 32. Kf2 Qc2+ 33. Kg1 Qxb2 34. Re1+ Kd6 35. Re2 Qxe2 {Accuracy: White = 36%, Black = 54%.} 0-1

[Event "Stay Safe Play From Home 200"]
[Site "T#646566Emanuel Laske"]
[Date "2020.06.04"]
[Round "9"]
[White "Haris kollari 13"]
[Black "Cubail"]
[Result "0-1"]
[WhiteElo "1651"]
[BlackElo "1345"]
[Annotator "NA RC"]
[PlyCount "46"]
[EventDate "2020.06.04"]
[EventType "swiss (blitz)"]

1. e4 {[%emt 0:00:01]} f5 {[%emt 0:00:01]} 2. f4 {[%emt 0:00:01]} fxe4 {[%emt 0:00:01]} 3. Nc3 {[%emt 0:00:01]} Nf6 {[%emt 0:00:01]} 4. Qe2 {[%emt 0:00:02]} d5 {[%emt 0:00:01]} 5. h3 {[%emt 0:00:01]} c5 {[%emt 0:00:02]} 6. g4 {[%emt 0:00:01]} h6 {[%emt 0:00:02]} 7. Qb5+ {[%emt 0:00:02]} Nc6 {[%emt 0:00:02]} 8. Qxc5 {[%emt 0:00:01]} e5 {[%emt 0:00:02]} 9. Qf2 {[%emt 0:00:02]} d4 {[%emt 0:00:03]} 10. Nce2 {[%emt 0:00:05]} Nb4 {[%emt 0:00:02]} 11. Kd1 {[%emt 0:00:03]} d3 {[%emt 0:00:01]} 12. cxd3 {[%emt 0:00:05]} exd3 {[%emt 0:00:01]} 13. Nc3 {[%emt 0:00:01]} Nc2 {[%emt 0:00:02]} 14. Rb1 {[%emt 0:00:02]} e4 {[%emt 0:00:03]} 15. Bg2 {[%emt 0:00:06]} Qc7 {[%emt 0:00:04]} 16. g5 {[%emt 0:00:04]} Nh5 {[%emt 0:00:05]} 17. Bxe4 {[%emt 0:00:03]} Nxf4 {[%emt 0:00:02]} 18. Nf3 {[%emt 0:00:10]} hxg5 {[%emt 0:00:03]} 19. Nxg5 {[%emt 0:00:02]} Bb4 {[%emt 0:00:04]} 20. Re1 {[%emt 0:00:01]} O-O {[%emt 0:00:04]} 21. Bxd3 {[%emt 0:00:03]} Nxd3 {[%emt 0:00:02]} 22. Qg3 {[%emt 0:00:03]} Ndxe1 {[%emt 0:00:03]} 23. Qxc7 {[%emt 0:00:01] .} Na3 {[%emt 0:00:02] Time (Lag: Av=0.34s, max=0.4s)} 0-1